000
00489nam a2200157Ia 4500
008
090711s9999 xx 000 0 und d
082
_b
36682
100
_a
बेहेरे माधव उाgऎ.
245
_a
भाग्यSाक्र
260
_c
1970
600
_a
बेहेरे माधव उाgऎ.
630
_a
भाग्यSाक्र
700
_a
बेहेरे माधव उाgऎ.
730
_a
भाग्यSाक्र
942
_c
BOOK
999
_c
307702
_d
307702